Statistics for Bob's Burgers Trivia

Click here to take the quiz!

General Stats

  • This quiz has been taken 246 times
  • The average score is 11 of 14

Answer Stats

HintAnswer% Correct
Main Character (dad)Bob
99%
Youngest ChildLouise
99%
Oldest ChildTina
99%
Main Character (mom)Linda
98%
Middle ChildGene
97%
Main Characters Last NameBelcher
92%
Tina's CrushJimmy jr
92%
What instrument does Gene playKeyboard
86%
Linda's SisterGayle
80%
TIna's Crush BrothersAndy and Ollie
77%
Who is Louise's male nemisisLogan
74%
Who is Louise's female nemisisMillie
68%
What type of fiction does Tina writeErotic Friend Fiction
58%
" I said shut your mouth it's ____"Art Crawl
27%

Score Distribution

Percentile by Number Answered

Percent of People with Each Score

Your Score History

You have not taken this quiz